Time will tell : (Record no. 401985)
[ view plain ]
| 000 -LEADER | |
|---|---|
| fixed length control field | 01682pam a2200385 i 4500 |
| 001 - CONTROL NUMBER | |
| control field | 2024037729 |
| 003 - CONTROL NUMBER IDENTIFIER | |
| control field | DLC |
| 005 - DATE AND TIME OF LATEST TRANSACTION | |
| control field | 20241118162855.0 |
| 008 - FIXED-LENGTH DATA ELEMENTS--GENERAL INFORMATION | |
| fixed length control field | 240816t20242024nyua 000 1 eng |
| 010 ## - LIBRARY OF CONGRESS CONTROL NUMBER | |
| LC control number | 2024037729 |
| 020 ## - INTERNATIONAL STANDARD BOOK NUMBER | |
| International Standard Book Number | 9780593873823 |
| Qualifying information | (hbk. ; |
| -- | alk. paper) |
| 020 ## - INTERNATIONAL STANDARD BOOK NUMBER | |
| Cancelled/invalid ISBN | 9780593873830 |
| Qualifying information | (ebk.) |
| 035 ## - SYSTEM CONTROL NUMBER | |
| System control number | (OCoLC)1453287739 |
| 040 ## - CATALOGING SOURCE | |
| Original cataloging agency | DLC |
| Language of cataloging | eng |
| Description conventions | rda |
| Transcribing agency | DLC |
| Modifying agency | TnLvILS |
| 042 ## - AUTHENTICATION CODE | |
| Authentication code | pcc |
| 092 ## - LOCALLY ASSIGNED DEWEY CALL NUMBER (OCLC) | |
| Classification number | adult fiction |
| Item number | Brown |
| 100 1# - MAIN ENTRY--PERSONAL NAME | |
| Personal name | Brown, Rita Mae, |
| Relator term | author. |
| 9 (RLIN) | 3419 |
| 245 10 - TITLE STATEMENT | |
| Title | Time will tell : |
| Remainder of title | a novel / |
| Statement of responsibility, etc | Rita Mae Brown ; illustrated by Lee Gildea. |
| 250 ## - EDITION STATEMENT | |
| Edition statement | First edition. |
| 264 #1 - Production, Publication, Distribution, Manufacture, and Copyright Notice. | |
| Place of production, publication, distribution, manufacture | [New York, N.Y.] : |
| Name of producer, publisher, distributor, manufacturer | Bantam, |
| Date of production, publication, distribution, manufacture, or copyr | [2024] |
| 264 #4 - Production, Publication, Distribution, Manufacture, and Copyright Notice. | |
| Date of production, publication, distribution, manufacture, or copyr | ©2024. |
| 300 ## - PHYSICAL DESCRIPTION | |
| Extent | 304 pages : |
| Other physical details | illustrations ; |
| Dimensions | 24 cm. |
| 336 ## - Content Type | |
| Content type term | text |
| 336 ## - Content Type | |
| Content type term | still image |
| 337 ## - Media type | |
| Media type term | unmediated |
| 338 ## - Carrier type | |
| Carrier type term | volume |
| 520 ## - SUMMARY, ETC. | |
| Summary, etc | "An eye-wateringly expensive watch is found discarded on the land days prior to a dead body turning up. "Sister" Jane Arnold sets out to find the connection between the two, with a little help from her friend-both two legged and four-in this transportive mystery from New York Times bestselling author Rita Mae Brown"-- |
| 650 #0 - SUBJECT ADDED ENTRY--TOPICAL TERM | |
| Topical term or geographic name as entry element | Animals |
| Form subdivision | Fiction. |
| 9 (RLIN) | 5678722 |
| 650 #0 - SUBJECT ADDED ENTRY--TOPICAL TERM | |
| Topical term or geographic name as entry element | Murder |
| General subdivision | Investigation |
| Form subdivision | Fiction. |
| 9 (RLIN) | 5673630 |
| 655 #7 - INDEX TERM--GENRE/FORM | |
| Genre/form data or focus term | Cozy mysteries. |
| Source of term | lcgft. |
| 9 (RLIN) | 5812499 |
| 655 #7 - INDEX TERM--GENRE/FORM | |
| Genre/form data or focus term | Detective and mystery fiction. |
| Source of term | lcgft. |
| 9 (RLIN) | 5683641 |
| 700 1# - ADDED ENTRY--PERSONAL NAME | |
| Personal name | Gildea, Lee, |
| Titles and other words associated with a name | Jr., |
| Relator term | illustrator. |
| 9 (RLIN) | 6422213 |
| 776 08 - ADDITIONAL PHYSICAL FORM ENTRY | |
| Display text | Online version: |
| Main entry heading | Brown, Rita Mae. |
| Title | Time will tell : a novel |
| Edition | First edition. |
| Place, publisher, and date of publication | New York : Bantam, 2024. |
| International Standard Book Number | 9780593873830 |
| Record control number | (DLC) 2024037730. |
| 942 ## - ADDED ENTRY ELEMENTS (KOHA) | |
| Source of classification or shelving scheme | Dewey Decimal Classification |
| Koha item type | BOOK |
| Withdrawn status | Lost status | Source of classification or shelving scheme | Damaged status | Not for loan | Collection code | Home library | Current library | Shelving location | Date acquired | Source of acquisition | Total Checkouts | Total Renewals | Full call number | Barcode | Date last seen | Date checked out | Cost, replacement price | Price effective from | Koha item type |
|---|---|---|---|---|---|---|---|---|---|---|---|---|---|---|---|---|---|---|---|
| Dewey Decimal Classification | Fiction | Wasatch County Library | Wasatch County Library | First Floor | 11/18/2024 | Lee & Low Books | 1 | 2 | F Brown | 34301002137653 | 12/30/2024 | 11/20/2024 | 30.00 | 11/18/2024 | BOOK |
